30 largest towns in Slovenia from east to west - Statistics

General Stats
  • This quiz has been taken 27 times
  • The average score is 13 of 30
Answer Stats
Longitude (DD) Answer % Correct
1 16.16 Murska Sobota
93%
3 15.65 Maribor
86%
2 15.87 Ptuj
71%
7 15.26 Celje
64%
6 15.49 Krško
57%
4 15.59 Brežice
50%
19 14.50 Ljubljana
50%
8 15.17 Novo Mesto
50%
10 15.08 Slovenj Gradec
50%
5 15.57 Slovenska Bistrica
50%
9 15.12 Velenje
50%
27 13.73 Koper
43%
20 14.36 Kranj
43%
11 15.05 Trbovlje
43%
28 13.66 Izola
36%
25 14.05 Jesenice
36%
24 14.21 Postojna
36%
21 14.31 Škofja Loka
36%
26 13.90 Ajdovščina
29%
17 14.59 Domžale
29%
15 14.66 Grosuplje
29%
16 14.61 Kamnik
29%
13 14.86 Kočevje
29%
23 14.23 Logatec
29%
18 14.57 Mengeš
29%
29 13.65 Nova Gorica
29%
22 14.30 Vrhnika
29%
14 14.83 Litija
21%
12 14.96 Ravne na Koroškem
21%
30 13.60 Lucija
14%
No matching quizzes found
Score Distribution
Percent of People with Each Score
Percentile by Number Answered
Your Score History
You have not taken this quiz